| 000 | 00768cam a22002653a 4500 | ||
|---|---|---|---|
| 001 | 33244 | ||
| 003 | PGUSA | ||
| 005 | 20140828083723.0 | ||
| 008 | 100724s2010||||xxu|||||s|||||000 1 eng d | ||
| 040 |
_aPGUSA _beng |
||
| 042 | _adc | ||
| 050 | 4 | _aPQ | |
| 100 | 1 |
_aPalacio Valdés, Armando, _d1853-1938 |
|
| 245 | 1 | 0 |
_aMaximina _h[electronic resource] / _cArmando Palacio Valdés |
| 260 |
_bProject Gutenberg, _c2010 |
||
| 506 | _aPublic domain in the USA. | ||
| 516 | _aElectronic text | ||
| 653 | _aMadrid (Spain) -- Fiction | ||
| 653 | _aMarried women -- Fiction | ||
| 653 | _aYoung women -- Fiction | ||
| 700 | 1 |
_aDole, Nathan Haskell, _d1852-1935 |
|
| 830 | 0 |
_aProject Gutenberg _v33244 |
|
| 856 | 4 | 0 | _uhttp://www.gutenberg.org/ebooks/33244 |
| 942 | _cEB | ||
| 999 |
_c262499 _d262499 |
||